[Event "Reykjavik Kvika op"]
[Site "Reykjavik"]
[Date "2022.04.11"]
[Round "8"]
[White "Popvasilev, Kalojan"]
[Black "Kristinsson, Ogmundur"]
[Result "1-0"]
[WhiteElo "2191"]
[BlackElo "1969"]
[PlyCount "163"]
[EventDate "2022.04.06"]
[EventType "swiss"]
[EventRounds "9"]
[EventCountry "ISL"]
[SourceTitle "CBM 207 Extra"]
[Source "ChessBase"]
[SourceDate "2022.05.31"]
[SourceVersion "1"]
[SourceVersionDate "2022.05.31"]
[SourceQuality "1"]

1. e4 e5 2. Nf3 Nc6 3. Nc3 d6 4. d4 Bg4 5. Bb5 exd4 6. Qxd4 a6 7. Bxc6+ bxc6 8. Bg5 f6 9. Be3 g6 10. Qc4 Qd7 11. 0-0-0 Be6 12. Qa4 Ne7 13. e5 Bg7 14. exd6 cxd6 15. Rhe1 0-0 16. Bf4 d5 17. Ne4 Bf7 18. Nc5 Qa7 19. Bd6 Rfe8 20. Rxe7 Rxe7 21. Bxe7 Qxe7 22. Qxc6 Rd8 23. Re1 Qa7 24. Kb1 Rb8 25. Nd3 Rb6 26. Qc8+ Bf8 27. Qc3 a5 28. Nd4 a4 29. a3 Qb8 30. h4 Bg7 31. Nc6 Qa8 32. Ncb4 h5 33. g3 Qd8 34. Qc5 Re6 35. Rxe6 Bxe6 36. Nc6 Qd7 37. Nd4 Bf7 38. Qb5 Qg4 39. Qxa4 f5 40. c3 Qe4 41. Kc2 g5 42. hxg5 f4 43. Kd2 f3 44. Qd1 Bxd4 45. cxd4 Bg6 46. Kc3 Qg4 47. Qd2 Qc8+ 48. Nc5 Qf5 49. a4 Qb1 50. b3 Qa1+ 51. Kb4 Qf1 52. a5 Qe2 53. Kc3 Qb5 54. Kb2 Qe2 55. Kc3 Qb5 56. b4 Qc4+ 57. Kb2 Qe2 58. Nb3 Qe4 59. Ka3 Be8 60. Nc5 Qb1 61. Qb2 Qg6 62. Qc3 Qxg5 63. a6 Qg7 64. Qe3 Bb5 65. Qe6+ Kh7 66. Qf5+ Kh6 67. Qe6+ Kh7 68. Qxd5 Qh6 69. Qf5+ Kh8 70. Qe5+ Kh7 71. Qc7+ Kh8 72. Qb8+ Kh7 73. Qb7+ Kh8 74. Qxb5 Qc1+ 75. Kb3 Qb1+ 76. Kc4 Qa2+ 77. Nb3 Qxf2 78. Qxh5+ Kg8 79. Qg6+ Kf8 80. a7 Qe2+ 81. Kc5 Qe7+ 82. Qd6 1-0

[Event "Reykjavik Kvika op"]
[Site "Reykjavik"]
[Date "2022.04.06"]
[Round "1"]
[White "Kristinsson, Ogmundur"]
[Black "Grose, Kameron"]
[Result "1-0"]
[WhiteElo "1969"]
[BlackElo "1681"]
[PlyCount "84"]
[EventDate "2022.04.06"]
[EventType "swiss"]
[EventRounds "9"]
[EventCountry "ISL"]
[SourceTitle "CBM 207 Extra"]
[Source "ChessBase"]
[SourceDate "2022.05.31"]
[SourceVersion "1"]
[SourceVersionDate "2022.05.31"]
[SourceQuality "1"]

1. d4 d5 2. Bg5 h6 3. Bh4 Nf6 4. e3 Bf5 5. Bd3 Bxd3 6. Qxd3 e6 7. f4 Be7 8. Nd2 Nbd7 9. Ngf3 c5 10. c3 a6 11. 0-0 0-0 12. a4 Ne8 13. Bxe7 Qxe7 14. e4 dxe4 15. Nxe4 cxd4 16. Nxd4 Nc5 17. Qf3 Nxe4 18. Qxe4 Nf6 19. Qe5 Qd7 20. Rae1 Rfe8 21. Rf3 Qd5 22. h3 Qxe5 23. Rxe5 Nd7 24. Re2 Nc5 25. a5 Rac8 26. Rfe3 Kf8 27. Rd2 Red8 28. b4 Nd7 29. Red3 Ke7 30. f5 e5 31. Re3 Kf6 32. Nf3 Kxf5 33. Rd6 f6 34. Red3 Rc7 35. g4+ Kg6 36. Nh4+ Kf7 37. Nf5 Kf8 38. Kg2 g6 39. Nxh6 Ke7 40. g5 Rf8 41. h4 e4 42. R3d4 Ne5 1-0

[Event "Reykjavik Congress"]
[Site "Reykjavik"]
[Date "2019.01.30"]
[Round "8"]
[White "Kristinsson, Ogmundur"]
[Black "Fridthofsson, Sigurjon Thor"]
[Result "0-1"]
[WhiteElo "1988"]
[BlackElo "1699"]
[PlyCount "76"]
[EventDate "2019.01.06"]
[EventType "swiss"]
[EventRounds "9"]
[EventCountry "ISL"]
[SourceTitle "CBM 188 Extra"]
[Source "ChessBase"]
[SourceDate "2019.02.26"]
[SourceVersion "1"]
[SourceVersionDate "2019.02.26"]
[SourceQuality "1"]

1. c4 f5 2. g3 Nf6 3. Bg2 e6 4. Nc3 Be7 5. d4 d6 6. Nf3 0-0 7. 0-0 a5 8. a3 Qe8 9. Rb1 Qh5 10. b4 axb4 11. axb4 Ne4 12. Qb3 Nd7 13. Nd2 Nxc3 14. Qxc3 f4 15. e4 e5 16. Qf3 Qg6 17. Bb2 Ra2 18. Bh3 Qh6 19. g4 Rxb2 20. Rxb2 exd4 21. Qg2 Ne5 22. Nf3 Nxc4 23. Rc2 b5 24. Nxd4 Bf6 25. Nxb5 f3 26. Qxf3 Nd2 27. Rxd2 Qxd2 28. Qb3+ Kh8 29. Nxc7 Qh6 30. b5 Be5 31. Nd5 Bxg4 32. f4 Bxh3 33. Rf3 Qg6+ 34. Kf2 Qg2+ 35. Ke1 Qg1+ 36. Kd2 Bg4 37. Qe3 Qh1 38. Ke2 Qg2+ 0-1

[Event "Reykjavik Faxaven op"]
[Site "Reykjavik"]
[Date "2018.04.11"]
[Round "4"]
[White "Bjornsson, Sigurbjorn"]
[Black "Kristinsson, Ogmundur"]
[Result "1-0"]
[WhiteElo "2278"]
[BlackElo "2010"]
[PlyCount "49"]
[EventDate "2018.03.21"]
[EventType "swiss"]
[EventRounds "7"]
[EventCountry "ISL"]
[SourceTitle "EXT 2019"]
[Source "ChessBase"]
[SourceDate "2018.10.10"]
[SourceVersion "1"]
[SourceVersionDate "2018.10.10"]
[SourceQuality "1"]

1. e4 d5 2. exd5 Nf6 3. d4 Nxd5 4. c4 Nf6 5. Nc3 e6 6. Nf3 b6 7. Bd3 Bb7 8. 0-0 Be7 9. Qe2 0-0 10. Bg5 h6 11. Bh4 Nh5 12. Bxe7 Qxe7 13. Bc2 Nd7 14. Rfe1 Rfe8 15. Rad1 Rad8 16. d5 e5 17. Qe4 g6 18. d6 Bxe4 19. dxe7 Bxc2 20. exd8Q Rxd8 21. Rd2 Bf5 22. Red1 Nhf6 23. Nxe5 Re8 24. Nxd7 Nxd7 25. h3 1-0

[Event "Reykjavik Congress"]
[Site "Reykjavik"]
[Date "2018.01.21"]
[Round "4"]
[White "Ragnarsson, Dagur"]
[Black "Kristinsson, Ogmundur"]
[Result "1-0"]
[WhiteElo "2332"]
[BlackElo "2005"]
[PlyCount "79"]
[EventDate "2018.01.10"]
[EventType "swiss"]
[EventRounds "9"]
[EventCountry "ISL"]
[SourceTitle "CBM 182 Extra"]
[Source "ChessBase"]
[SourceDate "2018.02.23"]
[SourceVersion "1"]
[SourceVersionDate "2018.02.23"]
[SourceQuality "1"]

1. d4 d5 2. c4 e6 3. Nf3 Nf6 4. g3 b6 5. cxd5 exd5 6. Bg2 Bb7 7. 0-0 Be7 8. Nc3 0-0 9. Bf4 Nh5 10. Be5 f6 11. Bf4 Nxf4 12. gxf4 Bd6 13. e3 c6 14. Kh1 Nd7 15. Rg1 Qe7 16. Bf1 g6 17. Bd3 Kf7 18. f5 Ke8 19. Qc2 g5 20. Rae1 Qf7 21. Rg2 Kd8 22. e4 dxe4 23. Bxe4 Bb4 24. Qa4 Bxc3 25. bxc3 Kc7 26. Nd2 Rfe8 27. f3 h5 28. Rge2 g4 29. Qb3 Qg7 30. c4 h4 31. Qe3 gxf3 32. Qf4+ Kc8 33. Qxf3 Kc7 34. Qf4+ Kc8 35. c5 bxc5 36. Nc4 Rxe4 37. Nd6+ Kc7 38. Rxe4 Qg5 39. Ne8+ Kb6 40. dxc5+ 1-0

[Event "Reykjavik Skakmot op"]
[Site "Reykjavik"]
[Date "2015.05.06"]
[Round "6"]
[White "Thorsteinsdottir, Gudlaug"]
[Black "Kristinsson, Ogmundur"]
[Result "0-1"]
[WhiteElo "1956"]
[BlackElo "2031"]
[PlyCount "56"]
[EventDate "2015.03.25"]
[EventType "swiss"]
[EventRounds "7"]
[EventCountry "ISL"]
[SourceTitle "EXT 2016"]
[Source "ChessBase"]
[SourceDate "2015.10.08"]
[SourceVersion "1"]
[SourceVersionDate "2015.10.08"]
[SourceQuality "1"]

1. e4 e5 2. Nf3 Nc6 3. Bb5 a6 4. Ba4 Nf6 5. 0-0 b5 6. Bb3 Be7 7. Re1 0-0 8. c3 d5 9. exd5 e4 10. dxc6 exf3 11. Qxf3 Bg4 12. Qe3 Re8 13. d4 Bd6 14. Qd2 Ne4 15. Qe3 Nf6 16. Qd2 Bf4 17. Re3 Bxe3 18. fxe3 Ne4 19. Qe1 Qf6 20. d5 Re5 21. c4 bxc4 22. Bxc4 Rg5 23. Nc3 Bf3 24. g3 Nxg3 25. hxg3 Rh5 26. Ne2 Rh1+ 27. Kf2 Bxd5+ 28. Nf4 Rxe1 0-1

[Event "Reykjavik Skakmot op"]
[Site "Reykjavik"]
[Date "2015.03.25"]
[Round "1"]
[White "Kristinsson, Ogmundur"]
[Black "Fridthjofsdottir, Sigurlaug Regina"]
[Result "1-0"]
[WhiteElo "2031"]
[BlackElo "1789"]
[PlyCount "59"]
[EventDate "2015.03.25"]
[EventType "swiss"]
[EventRounds "7"]
[EventCountry "ISL"]
[SourceTitle "EXT 2016"]
[Source "ChessBase"]
[SourceDate "2015.10.08"]
[SourceVersion "1"]
[SourceVersionDate "2015.10.08"]
[SourceQuality "1"]

1. d4 d5 2. Bg5 c6 3. e3 Nd7 4. f4 Ngf6 5. Nd2 h6 6. Bh4 e6 7. Bd3 Be7 8. Ngf3 c5 9. c3 b6 10. h3 Bb7 11. Qe2 Rc8 12. Ne5 cxd4 13. exd4 Nxe5 14. fxe5 Nd7 15. Bxe7 Qxe7 16. 0-0-0 0-0 17. g4 f6 18. exf6 Rxf6 19. h4 Rcf8 20. g5 Rf2 21. Qe3 e5 22. gxh6 e4 23. Rhg1 Qf6 24. Bb5 Rf7 25. hxg7 Qxh4 26. Rh1 Qf4 27. Qh3 Rxg7 28. Qh8+ Kf7 29. Bxd7 Rg8 30. Be6+ 1-0

[Event "ISL-chT 1415"]
[Site "Reykjavik"]
[Date "2015.03.21"]
[Round "8.2"]
[White "Karlsson, Bjorn Ivar"]
[Black "Kristinsson, Ogmundur"]
[Result "1-0"]
[WhiteElo "2268"]
[BlackElo "2071"]
[PlyCount "93"]
[EventDate "2014.10.02"]
[EventType "team-tourn"]
[EventRounds "9"]
[EventCountry "ISL"]
[SourceTitle "EXT 2016"]
[Source "ChessBase"]
[SourceDate "2015.10.08"]
[SourceVersion "1"]
[SourceVersionDate "2015.10.08"]
[SourceQuality "1"]
[WhiteTeam "Vestmannaeyja"]
[BlackTeam "Huginn"]
[WhiteTeamCountry "ISL"]
[BlackTeamCountry "ISL"]

1. c4 e6 2. Nc3 d5 3. d4 Nf6 4. cxd5 exd5 5. Bg5 Be7 6. e3 h6 7. Bh4 0-0 8. Qc2 Re8 9. Bd3 c5 10. Nf3 Nc6 11. Bb5 cxd4 12. Bxc6 bxc6 13. Nxd4 Bd7 14. 0-0 Qa5 15. Rfd1 Qa6 16. Rac1 Rad8 17. Na4 Rc8 18. Bxf6 gxf6 19. Nc5 Bxc5 20. Qxc5 Kg7 21. Qd6 Qb7 22. Nb3 Be6 23. Qg3+ Kh7 24. Qh4 Qe7 25. Rd4 Rg8 26. Nc5 Rg6 27. h3 Rb8 28. b4 a5 29. a3 axb4 30. Rxb4 Rxb4 31. axb4 Kg7 32. Ra1 Qd6 33. Ra7 Bf5 34. g3 Rg5 35. Kh2 Kg6 36. Qf4 Qxf4 37. exf4 Rh5 38. h4 Bg4 39. Ra8 Bf3 40. Rg8+ Kh7 41. Rd8 Kg7 42. Kg1 Kg6 43. Kf1 Kf5 44. Rg8 d4 45. Ke1 d3 46. Kd2 Be2 47. Ke3 1-0

[Event "Reykjavik-ch"]
[Site "Reykjavik"]
[Date "2012.01.22"]
[Round "7"]
[White "Kristinsson, Ogmundur"]
[Black "Kristinardottir, Elsa Maria"]
[Result "1/2-1/2"]
[WhiteElo "2054"]
[BlackElo "1729"]
[PlyCount "52"]
[EventDate "2012.01.08"]
[EventType "swiss"]
[EventRounds "9"]
[EventCountry "ISL"]
[SourceTitle "EXT 2014"]
[Source "ChessBase"]
[SourceDate "2013.11.20"]
[SourceVersion "1"]
[SourceVersionDate "2013.11.20"]
[SourceQuality "1"]

1. c4 Nf6 2. Nc3 d5 3. cxd5 Nxd5 4. e4 Nxc3 5. bxc3 c5 6. Bc4 e6 7. Ne2 Nc6 8. 0-0 Be7 9. d4 0-0 10. Be3 Na5 11. Bd3 Qc7 12. Rc1 b6 13. Ng3 Rd8 14. e5 Nc6 15. Qc2 g6 16. Ne4 Bb7 17. f4 cxd4 18. cxd4 Rac8 19. Rfd1 Qb8 20. Qf2 Nb4 21. Bb1 Nd5 22. Bd2 Rxc1 23. Rxc1 Rc8 24. Qe1 Rxc1 25. Qxc1 Qc8 26. Qxc8+ Bxc8 1/2-1/2

[Event "Reykjavik-ch"]
[Site "Reykjavik"]
[Date "2012.01.15"]
[Round "4"]
[White "Helgadottir, Sigridur Bjorg"]
[Black "Kristinsson, Ogmundur"]
[Result "1/2-1/2"]
[WhiteElo "1723"]
[BlackElo "2054"]
[PlyCount "59"]
[EventDate "2012.01.08"]
[EventType "swiss"]
[EventRounds "9"]
[EventCountry "ISL"]
[SourceTitle "EXT 2014"]
[Source "ChessBase"]
[SourceDate "2013.11.20"]
[SourceVersion "1"]
[SourceVersionDate "2013.11.20"]
[SourceQuality "1"]

1. d4 d5 2. c4 e6 3. Nf3 Nf6 4. e3 Be7 5. Nc3 0-0 6. Bd3 b6 7. 0-0 Bb7 8. Bd2 Nbd7 9. Rc1 c5 10. Re1 Rc8 11. b3 h6 12. e4 cxd4 13. Nxd4 Ne5 14. Bb1 dxc4 15. Bf4 Ng6 16. Be3 Ba3 17. Re2 Nxe4 18. Nxe4 Bxe4 19. Rxc4 Rxc4 20. bxc4 Bxb1 21. Qxb1 Bc5 22. Nxe6 fxe6 23. Qxg6 Qf6 24. Qxf6 Rxf6 25. Bxc5 bxc5 26. Re5 Rf5 27. Rxf5 exf5 28. f4 g5 29. g3 Kf7 30. Kf2 1/2-1/2

[Event "Reykjavik op"]
[Site "Reykjavik"]
[Date "2011.03.12"]
[Round "5.36"]
[White "Kristinsson, Ogmundur"]
[Black "Sigfusson, Sigurdur Dadi"]
[Result "0-1"]
[WhiteElo "2099"]
[BlackElo "2336"]
[PlyCount "94"]
[EventDate "2011.03.09"]
[EventType "swiss"]
[EventRounds "9"]
[EventCountry "ISL"]
[SourceTitle "CBM 141 Extra"]
[Source "ChessBase"]
[SourceDate "2011.05.03"]
[SourceVersion "1"]
[SourceVersionDate "2011.05.03"]
[SourceQuality "1"]

1. b3 Nf6 2. Bb2 d5 3. Nf3 Bg4 4. e3 Nbd7 5. d4 e6 6. Nbd2 Ne4 7. h3 Bh5 8. a3 f5 9. Be2 Bxf3 10. Bxf3 Bd6 11. Nxe4 fxe4 12. Bh5+ g6 13. Bg4 Qe7 14. c4 c6 15. Qc2 0-0 16. Bc3 h5 17. c5 Bc7 18. Be2 Qg5 19. h4 Qxg2 20. 0-0-0 Qxf2 21. Qd2 Bh2 22. Bxh5 Qxd2+ 23. Rxd2 gxh5 24. Rhxh2 Nf6 25. Rde2 Ng4 26. Rhg2 Kh7 27. Be1 Rf1 28. Kc2 Raf8 29. b4 R8f3 30. Kd2 Rh1 31. a4 Rhh3 32. Bf2 Nxf2 33. Rexf2 Rxh4 34. Rxf3 exf3 35. Rg3 Rh2+ 36. Kd3 Rf2 37. e4 Ra2 38. Rxf3 Ra3+ 39. Ke2 Rxf3 40. Kxf3 dxe4+ 41. Kxe4 Kg6 42. b5 h4 43. a5 a6 44. bxa6 bxa6 45. Ke5 h3 46. Kxe6 h2 47. d5 h1Q 0-1

[Event "Reykjavik op"]
[Site "Reykjavik"]
[Date "2011.03.12"]
[Round "4.58"]
[White "Rutten, David"]
[Black "Kristinsson, Ogmundur"]
[Result "0-1"]
[WhiteElo "1880"]
[BlackElo "2099"]
[PlyCount "82"]
[EventDate "2011.03.09"]
[EventType "swiss"]
[EventRounds "9"]
[EventCountry "ISL"]
[SourceTitle "CBM 141 Extra"]
[Source "ChessBase"]
[SourceDate "2011.05.03"]
[SourceVersion "1"]
[SourceVersionDate "2011.05.03"]
[SourceQuality "1"]

1. d4 Nf6 2. Nf3 e6 3. e3 d5 4. Bd3 Bd6 5. 0-0 Nbd7 6. c4 dxc4 7. Bxc4 0-0 8. Nc3 a6 9. a4 e5 10. Qc2 exd4 11. exd4 Nb6 12. Bd3 h6 13. Ne4 Nxe4 14. Bxe4 c6 15. Bd2 Qf6 16. Qb3 Qe6 17. Qxe6 Bxe6 18. Nh4 Be7 19. Nf5 Bf6 20. Bc3 Nd5 21. Rfe1 Rad8 22. Rad1 Rd7 23. Rd3 Rfd8 24. Red1 g6 25. Ne3 Nf4 26. R3d2 Bb3 27. Bc2 Be6 28. Ba5 Re8 29. Bb6 Nd5 30. Nxd5 Bxd5 31. h3 Rde7 32. Bc5 Re1+ 33. Rxe1 Rxe1+ 34. Kh2 Bg5 35. Rd1 Re2 36. Bd3 Rxf2 37. Bf1 Bf4+ 38. Kh1 Rxb2 39. Re1 Kg7 40. a5 Bc7 41. Ra1 f5 0-1